000 00221 a2200097 4500
001 41896
100 _a
245 _aThe World Book Encyclopedia
260 _a
_bF Enterp Education Corporations
_c
090 _c25962
_d25962
942 _aNUST-CAE
_cM
_c17738
999 _c276969
_d276969